[Event "Pontevedra Toxa op"]
[Site "Pontevedra"]
[Date "2016.09.24"]
[Round "1"]
[White "Sardina Paramo, Juan Antonio"]
[Black "Ulybin, Mikhail"]
[Result "0-1"]
[WhiteElo "1875"]
[BlackElo "2475"]
[PlyCount "54"]
[EventDate "2016.09.24"]
[EventType "swiss"]
[EventRounds "9"]
[EventCountry "ESP"]
[SourceTitle "CBM 174 Extra"]
[Source "ChessBase"]
[SourceDate "2016.10.10"]
[SourceVersion "1"]
[SourceVersionDate "2016.10.10"]
[SourceQuality "1"]

1. e4 c5 2. d4 cxd4 3. c3 Nf6 4. e5 Nd5 5. Nf3 e6 6. cxd4 d6 7. Bd3 Nb4 8. 0-0 Nxd3 9. Qxd3 Nc6 10. exd6 Bxd6 11. Nc3 0-0 12. Re1 h6 13. a3 Bd7 14. b4 Ne7 15. Ne4 Bc6 16. b5 Bxe4 17. Qxe4 Nd5 18. Bd2 Rc8 19. a4 Rc4 20. Ne5 Bxe5 21. Qxe5 Qh4 22. Re4 Qf6 23. Qxf6 Nxf6 24. Re5 Nd5 25. Re4 Rfc8 26. h3 Rc2 27. Rd1 Rxd2 0-1

[Event "Sanxenxo Carlos op 7th"]
[Site "Sanxenxo"]
[Date "2015.06.20"]
[Round "1"]
[White "Sardina Paramo, Juan Antonio"]
[Black "Larino Nieto, David"]
[Result "1/2-1/2"]
[WhiteElo "1907"]
[BlackElo "2451"]
[PlyCount "151"]
[EventDate "2015.06.20"]
[EventType "swiss"]
[EventRounds "9"]
[EventCountry "ESP"]
[SourceTitle "CBM 167 Extra"]
[Source "ChessBase"]
[SourceDate "2015.09.14"]
[SourceVersion "1"]
[SourceVersionDate "2015.09.14"]
[SourceQuality "1"]

1. e4 c6 2. d4 d5 3. exd5 cxd5 4. c4 Nf6 5. c5 Nc6 6. Bb5 Qa5+ 7. Nc3 Ne4 8. Qa4 Qxa4 9. Bxa4 Nxc3 10. bxc3 Bf5 11. Nf3 f6 12. 0-0 Bd3 13. Re1 Kd7 14. Bf4 b5 15. Bb3 e6 16. Re3 Bf5 17. Rae1 g5 18. Bg3 h5 19. h4 g4 20. Nh2 a5 21. a3 a4 22. Ba2 Na5 23. R3e2 Rh7 24. Nf1 Ra6 25. Ne3 Bd3 26. Rb2 Bh6 27. Rd1 Bc4 28. Nxc4 bxc4 29. Rb4 Kc6 30. Rxa4 Rha7 31. Rb1 Bd2 32. Rxa5 Rxa5 33. Rb6+ Kd7 34. c6+ Ke7 35. Rb7+ Ke8 36. Bd6 Bxc3 37. Bb1 f5 38. Rb8+ Kf7 39. c7 Rxc7 40. Bxc7 Rxa3 41. Be5 Ra1 42. Kh2 Bd2 43. g3 Bh6 44. Kg2 Ra7 45. Kf1 Bg7 46. Bxg7 Kxg7 47. Ke2 Ra3 48. Bc2 Rc3 49. Ba4 Rd3 50. Rb6 Rxd4 51. Rxe6 c3 52. Bb3 Rd2+ 53. Ke1 d4 54. Re2 Rd3 55. Bc2 Rf3 56. Bd1 f4 57. Re7+ Kf6 58. Bxf3 fxg3 59. Rc7 gxf3 60. fxg3 Kf5 61. Kf2 Ke4 62. g4 hxg4 63. h5 Kf4 64. h6 g3+ 65. Kf1 d3 66. Rc4+ Ke3 67. Rxc3 g2+ 68. Kg1 Ke2 69. Rc1 d2 70. Ra1 d1Q+ 71. Rxd1 Kxd1 72. Kf2 g1Q+ 73. Kxg1 Ke2 74. h7 f2+ 75. Kh2 f1Q 76. h8Q 1/2-1/2